000 00555nam a22001697a 4500
008 201214b ||||| |||| 00| 0 eng d
020 _a0802819176
050 _a BJ1401
_b .P58 1982
100 _aPlantinga, Theodore, 1947-
245 _aLearning to live with evil
_cby Theodore Plantinga.
260 _aGrand Rapids :
_bW.B. Eerdmans Pub. Co.,
_c1982.
300 _a x, 163 p. ;
_c21 cm.
500 _aIncludes bibliographical references and index.
650 _aGood and evil.
650 _aProvidence and government of God.
942 _2lcc
_cBK
999 _c55709
_d55709